| 000 | 01054cam a2200301 a 4500 | ||
|---|---|---|---|
| 001 | 3311993 | ||
| 003 | NUST | ||
| 005 | 20210902085303.0 | ||
| 008 | 831230r1979 ii b 001 0beng | ||
| 010 | _a 83905426 | ||
| 038 | _aArshad | ||
| 040 |
_aDLC _cDLC _dDLC _dOCoLC _dDLC |
||
| 050 | 0 | 0 |
_aBP75 _b.S48913 1983 |
| 082 | 0 | 0 |
_a297.63 _bNAD |
| 100 | 0 |
_aSyed Suleman Nadvi _d1857-1914. _935634 |
|
| 240 | 1 | 0 |
_aSīratunnabī. _lEnglish |
| 245 | 1 | 0 |
_aSeerat-un-nabi : _bthe life of the Prophet / _cby Shibli Nuʼmāni ; Syed Suleman Nadvi |
| 260 |
_aDelhi, India : _bIdarah-i Adabiyat-i Delli, _c1983 |
||
| 300 |
_av. <6 > ; _c22 cm. |
||
| 490 | 1 |
_aIAD religio-philosophy (reprint) series ; _vno. 35-<36 > |
|
| 500 | _aTranslation of Sīratunnabi. | ||
| 504 | _aIncludes bibliographical references and index. | ||
| 563 | _aHBK | ||
| 600 | 0 | 0 |
_aMuḥammad, _cProphet, _d-632 _vBiography. _93306 |
| 830 | 0 |
_aIAD religio-philosophy (reprint) series ; _vno. 35, etc. _935635 |
|
| 906 |
_a7 _bcbc _corignew _d2 _encip _f19 _gy-gencatlg |
||
| 942 |
_2ddc _cBK |
||
| 999 |
_c541247 _d541247 |
||